MARC details
| 000 -CABECERA |
| campo de control de longitud fija |
01166nam a2200289 a 4500 |
| 001 - NÚMERO DE CONTROL |
| campo de control |
000006020 |
| 003 - IDENTIFICADOR DEL NÚMERO DE CONTROL |
| campo de control |
DO-SdBNP |
| 005 - FECHA Y HORA DE LA ÚLTIMA TRANSACCIÓN |
| campo de control |
20210928101046.0 |
| 007 - CAMPO FIJO DE DESCRIPCIÓN FÍSICA--INFORMACIÓN GENERAL |
| campo de control de longitud fija |
ta |
| 008 - DATOS DE LONGITUD FIJA--INFORMACIÓN GENERAL |
| campo de control de longitud fija |
970204s 1985 pr 001 0 spa |
| 020 ## - NÚMERO INTERNACIONAL ESTÁNDAR DEL LIBRO |
| Número Internacional Estándar del Libro |
0940238322 |
| 040 ## - FUENTE DE LA CATALOGACIÓN |
| Centro catalogador/agencia de origen |
DO-SdBNP |
| Lengua de catalogación |
spa |
| Centro/agencia transcriptor |
BNPHU |
| 082 #4 - NÚMERO DE LA CLASIFICACIÓN DECIMAL DEWEY |
| Número de clasificación |
BNPHU 860.4 |
| Número de documento/Ítem |
G643p, 1985. |
| 100 1# - ENTRADA PRINCIPAL--NOMBRE DE PERSONA |
| Nombre de persona |
González, José Luis, |
| 9 (RLIN) |
5327 |
| 245 13 - MENCIÓN DE TÍTULO |
| Título |
El país de cuatro pisos y otros ensayos / |
| Mención de responsabilidad, etc. |
José Luis González. |
| 250 ## - MENCIÓN DE EDICIÓN |
| Mención de edición |
5a ed. |
| 260 ## - PUBLICACIÓN, DISTRIBUCIÓN, ETC. |
| Lugar de publicación, distribución, etc. |
Rio Piedras, Puerto Rico : |
| Nombre del editor, distribuidor, etc. |
Huracán, |
| Fecha de publicación, distribución, etc. |
1985. |
| 300 ## - DESCRIPCIÓN FÍSICA |
| Extensión |
149 p. ; |
| Dimensiones |
20 cm. |
| 490 1# - MENCIÓN DE SERIE |
| Mención de serie |
La nave y el puerto ensayo |
| 490 1# - MENCIÓN DE SERIE |
| Mención de serie |
Ensayo/crítica |
| 505 0# - NOTA DE CONTENIDO CON FORMATO |
| Nota de contenido con formato |
El país de cuatro pisos -- |
| Información miscelánea |
Literatura e identidad nacional en Puerto Rico -- |
| -- |
Plebeyismo y arte en el Puerto Rico de hoy -- |
| -- |
El escritor en el exilio -- |
| -- |
El luchador y sau pueblo / |
| Mención de responsabilidad |
Bernardo Vega -- |
| Información miscelánea |
Razón y sentido del Lamento Borincano -- |
| -- |
Sobre la literatura puertorriqueña de los cincuenta. |
| 650 14 - PUNTO DE ACCESO ADICIONAL DE MATERIA--TÉRMINO DE MATERIA |
| Término de materia o nombre geográfico como elemento de entrada |
Literatura puertorriqueña |
| Subdivisión cronológica |
Siglo XXI |
| 9 (RLIN) |
5259 |
| 650 14 - PUNTO DE ACCESO ADICIONAL DE MATERIA--TÉRMINO DE MATERIA |
| Término de materia o nombre geográfico como elemento de entrada |
Literatura latinoamericana |
| Subdivisión cronológica |
Siglo XXI |
| 9 (RLIN) |
16961 |
| 830 #0 - PUNTO DE ACCESO ADICIONAL DE SERIE-TÍTULO UNIFORME |
| Título uniforme |
La nave y el puerto ensayo |
| 9 (RLIN) |
16962 |
| 830 #0 - PUNTO DE ACCESO ADICIONAL DE SERIE-TÍTULO UNIFORME |
| Título uniforme |
Ensayo/crítica |
| 9 (RLIN) |
16963 |
| 942 ## - ELEMENTOS DE PUNTO DE ACCESO ADICIONAL (KOHA) |
| Fuente del sistema de clasificación o colocación |
Dewey Decimal Classification |
| Tipo de ítem Koha |
Libro |